000
00257nam a2200109Ia 4500
008
230907s9999||||xx |||||||||||||| ||und||
082
_a
958
_b
TUC
245
4
_a
The Silk Road :
260
_a
I. B. Tauris,
_b
New York :
_c
2015
300
_a
220 p.
942
_c
BK
999
_c
600470
_d
600470